=LDR 00000nam 2200000 4500 =001 INLIS000000000023989 =990 ##$$a 1202402496 =005 20260421040431 =990 ##$$a 00044129 =035 ##$$a 0010-061300000023989 =990 ##$$a 00044130 =008 260421################g##########0#ind## =990 ##$$a 00044131 =041 ##$$a Ind =990 ##$$a 00044132 =082 ##$$a 344.046 =990 ##$$a 00044133 =090 ##$$a 344.046, Dan h =990 ##$$a 00044134 =100 ##$$a Danusaputra, Munajat =245 1#$$a Hukum lingkungan /$c Munajat Danusaputra =260 ##$$a Jakarta,$c 1985 =300 ##$; $c 21 cm =650 #4$$a Hukum lingkungan =850 ##$$a NBPNMAT =084 ##$$a 344.046 DAN h =990 ##$$a 00044129 =990 ##$$a 00044130 =990 ##$$a 00044131 =990 ##$$a 00044132 =990 ##$$a 00044133 =990 ##$$a 00044134 =990 ##$$a 1202402496 =990 ##$$a 00044131 =990 ##$$a 00044129 =990 ##$$a 00044130 =990 ##$$a 00044132 =990 ##$$a 00044133 =990 ##$$a 00044134 =990 ##$$a 1202402496 =990 ##$$a 00044131 =990 ##$$a 00044129 =990 ##$$a 00044130 =990 ##$$a 00044132 =990 ##$$a 00044133 =990 ##$$a 00044134 =990 ##$$a 1202402496 =990 ##$$a 00044134 =990 ##$$a 00044129 =990 ##$$a 00044130 =990 ##$$a 00044131 =990 ##$$a 00044132 =990 ##$$a 00044133 =990 ##$$a 1202402496